Compendio anatómico (Record no. 157981)
[ view plain ]
| 000 -LEADER | |
|---|---|
| campo de control de longitud fija | 01052nam a22001935i 4500 |
| 001 - NÚMERO DE CONTROL | |
| campo de control | 157981 |
| 003 - IDENTIFICADOR DE NÚMERO DE CONTROL | |
| campo de control | ES-MaACL |
| 005 - FECHA Y HORA DE LA ÚLTIMA TRANSACCIÓN | |
| campo de control | 20230906210932.0 |
| 008 - DATOS DE LONGITUD FIJA--INFORMACIÓN GENERAL | |
| campo de control de longitud fija | 941221s1791 sp |||| | spa d |
| 040 ## - FUENTE DE CATALOGACIÓN | |
| Centro catalogador/agencia de origen | AR |
| Lengua de catalogación | spa |
| 100 1# - ENTRADA PRINCIPAL--NOMBRE DE PERSONA | |
| Nombre de persona | López, Juan de Dios. |
| 9 (RLIN) | 129258 |
| 245 10 - MENCIÓN DEL TÍTULO | |
| Título | Compendio anatómico |
| Resto del título | : tercera parte, Esplanchnologia, de la naturaleza y circunstancias de todas las visceras o entrañas contenidas en las tres cavidades / |
| Mención de responsabilidad, etc. | por el licenciado Don Juan de Dios Lopez... ; tomo segundo. |
| 260 ## - PUBLICACIÓN, DISTRIBUCIÓN, ETC. | |
| Lugar de publicación, distribución, etc. | Madrid : |
| Nombre del editor, distribuidor, etc. | en la imprenta de la viuda de Marín, |
| Fecha de publicación, distribución, etc. | 1791. |
| 300 ## - DESCRIPCIÓN FÍSICA | |
| Extensión | 480 p. ; |
| Dimensiones | 8º. |
| 505 8# - NOTA DE CONTENIDO CON FORMATO | |
| Nota de contenido con formato | Contiene : Quarta parte, Angiología, Neurología y Adenología o Discurso teórico-práctico de la naturaleza y circunstancias de las arterias y de los nervios y de las glandulas |
| 597 #1 - NOTA DE DESCRIPCIÓN FÍSICA | |
| NOTA DE DESCRIPCIÓN FÍSICA | Sign. : A-Z<8>, 2A-2G<8> |
| 597 #1 - NOTA DE DESCRIPCIÓN FÍSICA | |
| NOTA DE DESCRIPCIÓN FÍSICA | Quarta parte con portadilla propia. |
| 852 ## - LOCALIZACIÓN | |
| Ubicación | ES-MaACL |
| Número de control de estantería | R-1252 |
| Nota libre | -- Enc. pasta española |
| -- | -- Dedicatoria ms. de José Velez Sanchez a la Biblioteca de los Escolares Médicos |
| Encuadernación | Olim: G-10599 |
| Estatus retirado | Estado de pérdida | Estado de daño | No para préstamo | Colección | Biblioteca de origen | Biblioteca actual | Ubicación en estantería | Fecha de adquisición | Fuente de adquisición | Total de préstamos | Signatura topográfica completa | Código de barras | Visto por última vez | Precio de reemplazo | Tipo de ítem Koha |
|---|---|---|---|---|---|---|---|---|---|---|---|---|---|---|---|
| Libros del s. XVIII | Biblioteca del Ateneo de Madrid | Biblioteca del Ateneo de Madrid | Depósito | 17/01/2008 | R-1252 | 1165340 | 23/02/2023 | 23/02/2023 | Libro impreso antiguo |
